Multimedia on the web (Record no. 92218)

MARC details
000 -LEADER
fixed length control field 00379nam a2200157Ia 4500
008 - FIXED-LENGTH DATA ELEMENTS--GENERAL INFORMATION
fixed length control field 230917s9999||||xx |||||||||||||| ||und||
020 ## - ISBN
Price RS250
040 ## - CATALOGING SOURCE
-- 25927
Original cataloging agency VIVEKANANDA LIBRARY
041 ## - Language
-- English
082 ## - DDC NUMBER
Classification number 006.7 M273M
100 ## - MAIN ENTRY--PERSONAL NAME
Personal name McGloughlin, Stephen
245 #0 - TITLE STATEMENT
Title Multimedia on the web
260 ## - PUBLICATION, DISTRIBUTION, ETC. (IMPRINT)
Place of publication, distribution, etc New Delhi
Name of publisher, distributor, etc Prentice-Hall
Date of publication, distribution, etc 1998
300 ## - PHYSICAL DESCRIPTION
Pages xii, 193 p.
942 ## - ADDED ENTRY ELEMENTS (KOHA)
Koha item type Books
Holdings
Withdrawn status Lost status Damaged status Not for loan Location (home branch) Sublocation or collection (holding branch) Shelving location Date acquired Koha issues (times borrowed) Koha full call number Accession No. Koha date last seen Koha item type
        VIVEKANANDA LIBRARY VIVEKANANDA LIBRARY UIET Library 29/08/2002   006.7 M273M 173200 17/09/2023 Books
© Designed and Maintained by Vivekananda Library, MDU Rohtak